| 000 | 00827nam a2200289Ia 4500 | ||
|---|---|---|---|
| 008 | 181129s9999 xx 000 0 und d | ||
| 020 | _a9789715697095 | ||
| 050 | _bS129 2010 | ||
| 100 | _aSaguisag, Lara | ||
| 245 | 0 | _aNinoy Aquino : | |
| 245 | 2 | _ba courageous homecoming / | |
| 245 | 0 | _cby Lara Saguisag ;illustrated by Quix Maiquez. | |
| 260 | _aMakati, Philippines : | ||
| 260 | _bBookmark, | ||
| 260 | _c2010 | ||
| 300 | _aunpaged : | ||
| 300 | _bcolor illustrations ; | ||
| 300 | _c25cm. | ||
| 440 | _aModern heroes for the Filipino youth. | ||
| 650 | _aAquino, Benigno S., 1932-1983. | ||
| 650 | _aHeroes -- Philippines. | ||
| 650 | _aLegislators -- Philippines -- Biography. | ||
| 650 | _aPhilippine literature for kids. | ||
| 700 | _aMaiquez, Quix. | ||
| 700 | _aSeries. | ||
| 700 | _aTitle. | ||
| 999 |
_c360196 _d360196 |
||